000 00497nam a22001812 4500
001 0000007322
005 20151217160112.0
008 080109s xx 000 0 eng d
020 _a9966251650 :
_cKES 165
040 _aKABU
_cKABU
100 1 _aMuluka, Barrack.
_@0000158550
245 1 0 _aKandu and the lake /
_cBarrack Muluka.
260 _aNairobi :
_bE. A. E. P.,
_c2003.
300 _a40 p.
908 _a080109
950 _@1
999 _c14266
_d14266